000
00192 a2200097 4500
001
9328
100
_a
Duncan, J S R
245
_a
The Sudan.
260
_a
_b
Blackwood
_c
090
_c
7498
_d
7498
942
_a
NUST-CAE
_c
M
_c
34153
999
_c
244401
_d
244401